Orgulho e preconceito / (Record no. 519)

MARC details
000 -LÍDER
campo de controle de tamanho fixo 01277nam a22003134a 4500
001 - NÚMERO DE CONTROLE
campo de controle 519
003 - IDENTIFICADOR DO NÚMERO DE CONTROLE
campo de controle BR-RjBN
005 - DATA E HORÁRIO DA ÚLTIMA TRANSAÇÃO
campo de controle 20260520125634.0
008 - CAMPO DE DADOS FIXOS--INFORMAÇÃO GERAL
campo de controle de tamanho fixo 980101s1998 rj 000 f por d
020 ## - ISBN - INTERNATIONAL STANDARD BOOK NUMBER
ISBN - International Standard Book Number 8574020281
040 ## - FONTE DA CATALOGAÇÃO
Idioma da catalogação por
041 1# - CÓDIGO DE IDIOMA
Código do idioma do texto/trilha sonora ou título diferente por
Código do idioma do original e/ou traduções intermediárias do texto eng
082 ## - CDD - CLASSIFICAÇÃO DECIMAL DE DEWEY
Número de Classificação 823
Número do exemplar A933o
100 1# - ENTRADA PRINCIPAL--NOME PESSOAL
Nome pessoal Austen, Jane,
Datas associadas ao nome 1775-1817.
9 (RLIN) 92
240 10 - TÍTULO UNIFORME
Título uniforme Pride and Prejudice.
245 10 - TÍTULO
Título Orgulho e preconceito /
Indicação de responsabilidade, etc. Jane Austen ; tradução Lúcio Cardoso.
260 ## - PUBLICAÇÃO, DISTRIBUIÇÃO, ETC.
Local de publicação, distribuição, etc. Rio de Janeiro :
Nome do editor, distribuidor, etc. Ediouro ;
Local de publicação, distribuição, etc. São Paulo :
Nome do editor, distribuidor, etc. Publifolha,
Data da publicação, distribuição, etc. 1998.
300 ## - DESCRIÇÃO FÍSICA
Extensão -- p. ;
490 1# - TÍTULO DA SÉRIE
Título da série Clássicos da Literatura Universal ;
Número do volume ou designação sequencial da série 6
520 ## - NOTA DE RESUMO, ETC.
Resumo, etc. Clássico da literatura inglesa, a obra acompanha Elizabeth Bennet e sua relação conturbada com o reservado Sr. Darcy. Em meio às convenções sociais e expectativas da Inglaterra do século XIX, Jane Austen constrói uma narrativa marcada por ironia, romance e crítica social, abordando temas como casamento, orgulho, preconceito e posição social.
650 #0 - ASSUNTO--TERMO TÓPICO
Cabeçalho tópico ou nome geográfico Literatura inglesa.
9 (RLIN) 89
650 #0 - ASSUNTO--TERMO TÓPICO
Cabeçalho tópico ou nome geográfico Romance.
650 #0 - ASSUNTO--TERMO TÓPICO
Cabeçalho tópico ou nome geográfico Relacionamentos amorosos.
9 (RLIN) 1098
650 #0 - ASSUNTO--TERMO TÓPICO
Cabeçalho tópico ou nome geográfico Crítica social.
9 (RLIN) 514
655 #0 - TERMO DE ÍNDICE--GÊNERO E FORMA
Gênero/forma/ou termo foco Ficção clássica.
655 #0 - TERMO DE ÍNDICE--GÊNERO E FORMA
Gênero/forma/ou termo foco Ficção.
700 1# - ENTRADA ADICIONADA - NOME PESSOAL
Nome pessoal Cardoso, Lúcio,
Função do autor por extenso trad.
942 ## - ELEMENTOS DE ENTRADA ADICIONADOS (KOHA)
Fonte de classificação ou esquema de arquivamento Classificação decimal de Dewey
Ocultar no OPAC Não
Tipo de material Koha Livros
Holdings
Situação do descarte Situação das perdas Fonte de classificação ou esquema de arquivamento Status danificado Não pode ser emprestado Coleção Biblioteca de origem Biblioteca atual Localização na estante Data de aquisição Fonte de aquisição Total de empréstimos Código de barras Data de último acesso Número do exemplar Data do preço efetivo Tipo de material Koha
    Classificação decimal de Dewey     Ficção Biblioteca Professor Eduardo Afonso de Castro Biblioteca Professor Eduardo Afonso de Castro Literatura Estrangeira 20.05.2026 doação   2026-17455 20.05.2026 823 / A933o 20.05.2026 Livros

Powered by Koha